000 00482nam a2200145 a 4500
008 120416s1983 ||||||||||||||||| || u
050 _aAS 911.N6 Wil
100 _aWilhelm, Peter
245 1 4 _aThe nobel prize
260 _aStockholm
_bTechnowledge
_c1983
300 _a111p. : iil.
350 _a0.00
650 _aALFRED NOBEL
995 _D0.00
_FCBU-MAIN LIBRARY (Kitwe)
_H1
_I18.00
_M1
_UDAMAGED
_ZMain Library Open Access Collection
999 _c52301
_d52301